01012 2200337 4500001002100000005001500021035002000036007000300056040001700059100002700076245010100103250001200204300003700216020002200253041000800275082001000283084001600293090002200309264005000331336002100381337003000402338002300432500005200455650001200507700003800519850001000557008004100567990002200608990002200630990002200652INLIS00000000000808520260529081732 a0010-0922000574ta aSBPUPADbind0 aAfin MurtieePengarang1 aHijab Style For Teens :bDari Sekolah, Gaul, Hingga Pesta /cAfin Murtie; Penyunting, Chrisna F. a.-cet.1 aviii,90 hlm :bilus. ;c17x24 cm a978-602-7996-37-307aind a646.4 a646.4 AFI h a646.4 AFI h L21-1 a.--Jogjakarta :bTrans Idea Publishing,c2014 2rdacontentateks 2rdamediaatanpa perantara 2rdacarrieravolume aTentang Penulis, hlm 90; Daftar Istilah, hlm 88 4aFashion0 aPenyunting, Chrisna F.ePengarang aPUPAD260529 0  a25.431/B/DPK/2017 a25.430/B/DPK/2017 a25.432/B/DPK/2017